Loading...
| Fine Arts - Classical Music | 5 | 16.00 | 100% | 60% | 0% |
| Fine Arts - Other Fine Arts | 6 | 15.00 | 100% | 50% | 0% |
| Fine Arts - Visual Fine Arts | 10 | 15.00 | 80% | 40% | 30% |
| Geography/Current Events | 3 | 23.33 | 67% | 100% | 67% |
| History - American History | 3 | 20.00 | 100% | 67% | 33% |
| History - European History | 8 | 15.00 | 100% | 38% | 13% |
| History - Other History | 7 | 14.29 | 100% | 43% | 0% |
| History - World History | 6 | 25.00 | 100% | 100% | 50% |
| Literature - American Literature | 6 | 16.67 | 100% | 50% | 17% |
| Literature - British Literature | 6 | 11.67 | 100% | 0% | 17% |
| Literature - European Literature | 6 | 16.67 | 100% | 50% | 17% |
| Literature - World/Other Literature | 7 | 15.71 | 100% | 57% | 0% |
| Mythology | 5 | 16.00 | 100% | 40% | 20% |
| Other Academic | 3 | 16.67 | 100% | 67% | 0% |
| Philosophy | 6 | 11.67 | 100% | 17% | 0% |
| Pop Culture | 1 | 30.00 | 100% | 100% | 100% |
| Religion | 6 | 13.33 | 83% | 50% | 0% |
| Science - Biology | 6 | 16.67 | 100% | 50% | 17% |
| Science - Chemistry | 7 | 11.43 | 86% | 29% | 0% |
| Science - Other Science | 6 | 10.00 | 83% | 17% | 0% |
| Science - Physics | 8 | 10.00 | 88% | 13% | 0% |
| Social Science | 5 | 16.00 | 100% | 40% | 20% |